| 000 | 00407nam a2200157Ia 4500 | ||
|---|---|---|---|
| 008 | 230917s9999||||xx |||||||||||||| ||und|| | ||
| 020 | _cRS95 | ||
| 040 |
_e4044 _aMAIN |
||
| 041 | _aEnglish | ||
| 082 | _a309.1 W21P | ||
| 100 | _aWard, Barbara | ||
| 245 | 0 | _aProgress for a small planet: Development of mankind and society | |
| 260 |
_aNew Delhi _bHeritage _c1982 |
||
| 300 | _axi, 305 p. | ||
| 942 | _cBK | ||
| 999 |
_c229190 _d229190 |
||